[Event "Heusenstamm Sparkassen op-B 6th"]
[Site "Heusenstamm"]
[Date "2019.11.22"]
[Round "2"]
[White "Eremenko, Christian"]
[Black "Bondarevsky, David"]
[Result "1-0"]
[WhiteElo "1768"]
[BlackElo "1403"]
[PlyCount "55"]
[EventDate "2019.11.21"]
[EventType "swiss"]
[EventRounds "7"]
[EventCountry "GER"]
[SourceTitle "CBM 194 Extra"]
[Source "ChessBase"]
[SourceDate "2020.03.31"]
[SourceVersion "1"]
[SourceVersionDate "2020.03.31"]
[SourceQuality "1"]

1. e4 e5 2. Bc4 Nf6 3. Nf3 Bc5 4. Nxe5 0-0 5. 0-0 d6 6. Nd3 Nxe4 7. Nxc5 Nxc5 8. d4 Ne6 9. d5 Nc5 10. b4 Nca6 11. a3 c6 12. dxc6 bxc6 13. Bb2 Qh4 14. Bb3 d5 15. Nd2 Bb7 16. Nf3 Qh5 17. Re1 Nd7 18. Re7 Rad8 19. Qd4 Qg6 20. Qxa7 Bc8 21. Rae1 Nf6 22. Ne5 Qg5 23. Rxf7 Bh3 24. g3 Qd2 25. Rxg7+ Kh8 26. Rxh7+ Nxh7 27. Ng6+ Kg8 28. Qg7# 1-0

[Event "Heusenstamm Sparkassen op-B 6th"]
[Site "Heusenstamm"]
[Date "2019.11.21"]
[Round "1"]
[White "Piepenhagen, Eric"]
[Black "Eremenko, Christian"]
[Result "1-0"]
[WhiteElo "1581"]
[BlackElo "1768"]
[PlyCount "71"]
[EventDate "2019.11.21"]
[EventType "swiss"]
[EventRounds "7"]
[EventCountry "GER"]
[SourceTitle "CBM 194 Extra"]
[Source "ChessBase"]
[SourceDate "2020.03.31"]
[SourceVersion "1"]
[SourceVersionDate "2020.03.31"]
[SourceQuality "1"]

1. b4 d5 2. Bb2 Nf6 3. Nf3 Bg4 4. e3 e6 5. a3 a5 6. b5 c6 7. c4 Qb6 8. Nc3 Be7 9. d4 0-0 10. c5 Qd8 11. b6 Ne4 12. h3 Bh5 13. Be2 Nxc3 14. Bxc3 Bxf3 15. Bxf3 e5 16. e4 dxe4 17. Bxe4 f5 18. Bc2 Qd5 19. Bb3 Nd7 20. Bxd5+ cxd5 21. dxe5 Nxc5 22. Qxd5+ Kh8 23. 0-0 Rad8 24. Qa2 Ne4 25. Bxa5 Ra8 26. Qd5 Rfd8 27. Qxb7 Bc5 28. Bb4 Rab8 29. Qf7 Rf8 30. Qa2 Rxb6 31. Bxc5 Nxc5 32. Rab1 Re6 33. f4 Rfe8 34. Qc2 Ne4 35. Rfe1 Nd6 36. exd6 1-0

[Event "Karl Mala Memorial op 15th"]
[Site "Frankfurt"]
[Date "2012.07.05"]
[Round "1"]
[White "Eremenko, Christian"]
[Black "Gries, Volker"]
[Result "0-1"]
[WhiteElo "1757"]
[BlackElo "2159"]
[PlyCount "76"]
[EventDate "2012.07.05"]
[EventType "swiss"]
[EventRounds "7"]
[EventCountry "GER"]
[SourceTitle "CBM 149 Extra"]
[Source "ChessBase"]
[SourceDate "2012.08.24"]
[SourceVersion "1"]
[SourceVersionDate "2012.08.24"]
[SourceQuality "1"]

1. e4 d6 2. Nc3 Nf6 3. Nf3 g6 4. d4 Bg7 5. Bc4 0-0 6. Bg5 h6 7. Be3 c6 8. Qd2 Kh7 9. 0-0-0 b5 10. Bd3 Qa5 11. Kb1 b4 12. Ne2 Na6 13. Nc1 Nc7 14. Nb3 Qb6 15. h3 a5 16. c4 bxc3 17. Qxc3 a4 18. Nbd2 Nd7 19. Rc1 c5 20. Rc2 Ne6 21. Nc4 Qa7 22. e5 Bb7 23. dxc5 dxc5 24. Rd1 Bxf3 25. gxf3 Nd4 26. Bxd4 cxd4 27. Qe1 Nc5 28. Be4 Rad8 29. Rcd2 Ne6 30. h4 h5 31. Qg1 Bh6 32. Rd3 Qc5 33. Nd2 Qxe5 34. Re1 Qf6 35. Nf1 Nf4 36. Ra3 Rb8 37. Rxa4 d3 38. b3 Bg7 0-1

[Event "Karl Mala Memorial op 13th"]
[Site "Frankfurt"]
[Date "2010.07.11"]
[Round "6"]
[White "Witt, Holger"]
[Black "Eremenko, Christian"]
[Result "1/2-1/2"]
[WhiteElo "1616"]
[BlackElo "1602"]
[PlyCount "59"]
[EventDate "2010.07.08"]
[EventType "swiss"]
[EventRounds "7"]
[EventCountry "GER"]
[SourceTitle "EXT 2012"]
[Source "ChessBase"]
[SourceDate "2011.11.24"]
[SourceVersion "1"]
[SourceVersionDate "2011.11.24"]
[SourceQuality "1"]

1. d4 d5 2. Nf3 Nf6 3. e3 Bg4 4. h3 Bh5 5. Be2 e6 6. Ne5 Bxe2 7. Qxe2 c6 8. 0-0 Bd6 9. f4 Bxe5 10. fxe5 Ne4 11. Qf3 0-0 12. Nd2 Nxd2 13. Bxd2 Qb6 14. b3 Nd7 15. Qg4 Rfe8 16. Rf3 Nf8 17. Raf1 Re7 18. Rg3 g6 19. Qg5 Qd8 20. Qh6 Nd7 21. Rgf3 a5 22. Qh4 Qf8 23. e4 f5 24. exf6 Rf7 25. a4 b6 26. e5 c5 27. Bh6 Qc8 28. R1f2 cxd4 29. Qxd4 Nc5 30. Be3 1/2-1/2

[Event "Karl Mala Memorial op 12th"]
[Site "Frankfurt"]
[Date "2009.07.19"]
[Round "7"]
[White "Vonhoff, Joerg"]
[Black "Eremenko, Christian"]
[Result "1-0"]
[WhiteElo "1721"]
[BlackElo "1338"]
[PlyCount "35"]
[EventDate "2009.07.16"]
[EventType "swiss"]
[EventRounds "7"]
[EventCountry "GER"]
[SourceTitle "EXT 2010"]
[Source "ChessBase"]
[SourceDate "2010.11.25"]
[SourceVersion "1"]
[SourceVersionDate "2010.11.25"]
[SourceQuality "1"]

1. e4 e5 2. f4 exf4 3. Nf3 Nf6 4. e5 Nd5 5. d4 Bb4+ 6. c3 Ba5 7. Bc4 Ne7 8. Bxf4 c6 9. 0-0 Bc7 10. Qb3 0-0 11. Ng5 Qe8 12. Bxf7+ Rxf7 13. Bg3 Nd5 14. Nxf7 b5 15. Nd2 Ba6 16. Rae1 Qe6 17. Ne4 Qg6 18. Nfd6 1-0

[Event "Karl Mala Memorial op 12th"]
[Site "Frankfurt"]
[Date "2009.07.16"]
[Round "1"]
[White "Eremenko, Christian"]
[Black "Yin, Stanley"]
[Result "0-1"]
[WhiteElo "1338"]
[BlackElo "1956"]
[PlyCount "76"]
[EventDate "2009.07.16"]
[EventType "swiss"]
[EventRounds "7"]
[EventCountry "GER"]
[SourceTitle "EXT 2010"]
[Source "ChessBase"]
[SourceDate "2010.11.25"]
[SourceVersion "1"]
[SourceVersionDate "2010.11.25"]
[SourceQuality "1"]

1. e4 c6 2. Bc4 d6 3. Nf3 h6 4. d4 Nf6 5. e5 Nd5 6. Bxd5 cxd5 7. h3 g5 8. c4 Be6 9. Qb3 Qb6 10. Qxb6 axb6 11. cxd5 Bxd5 12. Nbd2 dxe5 13. dxe5 Nc6 14. a3 Bg7 15. 0-0 Nxe5 16. Nxe5 Bxe5 17. Re1 Bf6 18. Nf1 0-0 19. Be3 Bxb2 20. Rab1 Bxa3 21. Rxb6 Bc6 22. Ng3 f5 23. Ne2 f4 24. Bd4 f3 25. gxf3 Rxf3 26. Ng3 Ra4 27. Bb2 Bc5 28. Rxc6 bxc6 29. Ne4 Rxe4 30. Rxe4 Rxf2 31. Bd4 Bxd4 32. Rxd4 Rc2 33. h4 Rc5 34. Rg4 Kg7 35. Kf2 Kg6 36. hxg5 hxg5 37. Ke3 e5 38. Ra4 Kf5 0-1

[Event "Hessen-ch Gr-F 62nd"]
[Site "Hanau"]
[Date "2008.03.22"]
[Round "3"]
[White "Eremenko, Christian"]
[Black "Brandl, Lea Maria"]
[Result "1-0"]
[WhiteElo "1111"]
[BlackElo "866"]
[PlyCount "37"]
[EventDate "2008.03.21"]
[EventType "swiss"]
[EventRounds "5"]
[EventCountry "GER"]
[SourceTitle "CBM 123 Extra"]
[Source "ChessBase"]
[SourceDate "2008.05.06"]
[SourceVersion "1"]
[SourceVersionDate "2008.05.06"]
[SourceQuality "1"]

1. e4 c5 2. Bc4 Nc6 3. Qh5 g6 4. Qxc5 Bg7 5. Nf3 Nf6 6. d3 d6 7. Qa3 0-0 8. 0-0 Bg4 9. Nbd2 Re8 10. Ng5 e6 11. Qb3 Rb8 12. h3 Be2 13. Re1 Nd4 14. Qa4 Nd7 15. Bb3 Qxg5 16. c3 Bf3 17. g3 Bh5 18. cxd4 Nf6 19. Nf3 1-0

[Event "Main Vogelsberg op 2nd"]
[Site "Grossauheim"]
[Date "2007.06.08"]
[Round "3"]
[White "Suchsland, Helmut"]
[Black "Eremenko, Christian"]
[Result "1/2-1/2"]
[WhiteElo "1654"]
[BlackElo "949"]
[PlyCount "145"]
[EventDate "2007.06.07"]
[EventType "swiss"]
[EventRounds "7"]
[EventCountry "GER"]
[SourceTitle "EXT 2008"]
[Source "ChessBase"]
[SourceDate "2007.11.25"]
[SourceVersion "1"]
[SourceVersionDate "2007.11.25"]
[SourceQuality "1"]

1. e4 e5 2. Nf3 Nc6 3. d4 d6 4. dxe5 Nxe5 5. Nxe5 dxe5 6. Qxd8+ Kxd8 7. Bc4 f6 8. 0-0 Bd6 9. Nc3 Ne7 10. Nb5 Kd7 11. Be3 b6 12. Rad1 Bb7 13. f3 a6 14. Nxd6 cxd6 15. Bxb6 Rhc8 16. Bb3 a5 17. Ba4+ Bc6 18. Bb3 Bb5 19. Rfe1 a4 20. Bd5 Nxd5 21. Rxd5 Bc4 22. Rd2 Bxa2 23. Red1 Rc6 24. Bf2 Rb8 25. c3 Bb3 26. Ra1 Ke6 27. Bg3 g6 28. f4 Rc4 29. Re2 Rb5 30. Kf2 f5 31. Rae1 exf4 32. Bxf4 fxe4 33. Rxe4+ Rxe4 34. Rxe4+ Kf5 35. Rd4 d5 36. Bd6 Bc4 37. Rf4+ Ke6 38. Ba3 h5 39. h4 Ke5 40. Ke3 Rb3 41. g3 Rb7 42. Rf8 Rb3 43. Ra8 d4+ 44. Kf2 dxc3 45. Rxa4 cxb2 46. Bxb2+ Rxb2+ 47. Ke3 Rb3+ 48. Kf2 Kd4 49. Ra7 Rb2+ 50. Kf3 Bd5+ 51. Kf4 Rf2+ 52. Kg5 Be4 53. Ra4+ Ke3 54. Ra3+ Bd3 55. Ra4 Rf5+ 56. Kh6 Kf3 57. Ra3 Ke3 58. Ra4 Rf3 59. g4 hxg4 60. Rxg4 Rh3 61. Kg5 Bf5 62. Rg1 Kf2 63. Ra1 Rg3+ 64. Kf6 Rg4 65. h5 Kg2 66. h6 Rh4 67. Kg7 g5 68. Ra5 Bd3 69. Rxg5+ Kf3 70. Rd5 Be4 71. Re5 Kf4 72. Rxe4+ Kxe4 73. h7 1/2-1/2